000 00545pab a2200205 454500
008 180718b2008 xxu||||| |||| 00| 0 eng d
100 _aGlaeser, Edward L.
245 _aWhy do the poor live in cities? The role of public transportation
260 _c2008
300 _ap.1-24.
362 _aJan
650 _aTransport - United states
650 _aPoverty - United states
650 _aPoverty
700 _aRappaport, Jordan
700 _aKahn, Matthew E.
773 _aJournal of Urban Economics
908 _aN
909 _a77595
999 _c77595
_d77595